000 00798nam a2200253Ia 4500
003 OSt
005 20220927105740.0
006 a|||||r|||| 00| 0
007 ta
008 220926b |||||||| |||| 00| 0 eng d
020 _a9789211170757
024 _a200693
037 _cReference Collections
040 _aRTL
_cRTL
_beng
041 _2eng
_aeng
082 _a"U:(G:55).5, Q4/UN"
100 _aUNITED NATIONS ECONOMIC COMMISSION FOR EUROPE
245 0 _aEnvironmental performance reviews
_b Republic of Moldova
260 _aNew
_b"York, United Nations, "
_c2014
300 _a"xix,184p"
_ccm.
490 _aProtect Global Earth Series
942 _h"U:(G:55).5, Q4/UN"
_cCC
999 _c694369
_d694369